000 00666cam a22002291 4500
005 20260322212039.0
008 data
010 _a 59063657
040 _aDLC
_cODaWU
_dDLC
_dDLC
042 _apremarc
050 0 0 _aF809
_b.B27 1960
082 _a917.91
092 _a917.91 B27 1960
100 1 _aBarnes, Will C.
_d1858-1936.
_q(Will Croft),
245 1 0 _aArizona place names.
_cWill C. Barnes & Byrd H. Granger.
260 _aTucson,
_bUniversity of Arizona Press,
_c1960.
300 _axix, 519 p.
_billus., maps.
_c29 cm.
504 _aIncludes bibliographical references.
650 0 _aNames, Geographical
_zArizona.
700 1 _aGranger, Byrd H.
001 data
999 _c915
_d915